| 000 | 00693nam a2200277Ia 4500 | ||
|---|---|---|---|
| 001 | Z_1672 | ||
| 003 | CHAP | ||
| 008 | 220113s1974 xx 000 0 und d | ||
| 010 | _a164764 | ||
| 040 | _cCHAP | ||
| 082 | _a631.2 C3 | ||
| 100 |
_aCastro Sánchez, Gilberto _920434 |
||
| 245 |
_aConstrucciones rurales : especificaciones, costo y cálculo estructural / _cpor Gilberto Castro Sánchez |
||
| 260 |
_aChapingo, Méx. : _bPATENA, _c1974 |
||
| 300 |
_a323 p. : _bilus. |
||
| 440 | _a | ||
| 500 | _a | ||
| 503 | _aC/E | ||
| 650 |
_aConstrucciones rurales I. t. _9137396 |
||
| 901 | _a631.2 C3 | ||
| 902 | _aA | ||
| 910 | _a1974 | ||
| 942 | _c1 | ||
| 942 | _cc1 | ||
| 999 |
_c164764 _d164764 |
||